Highly stretchable and rapid self-recoverable cryogels based on butyl rubber as reusable sorbent (Record no. 60431)

MARC details
000 -LEADER
fixed length control field 00586nam a2200205Ia 4500
100 ## - MAIN ENTRY--AUTHOR NAME
Personal name Muslumova S
245 #0 - TITLE STATEMENT
Title Highly stretchable and rapid self-recoverable cryogels based on butyl rubber as reusable sorbent
260 ## - PUBLICATION, DISTRIBUTION, ETC. (IMPRINT)
Name of publisher Gels
Year of publication 2019
500 ## - GENERAL NOTE
General note Source Year: 2019
650 ## - SUBJECT ADDED ENTRY--TOPICAL TERM
Topical Term Butyl rubber
650 ## - SUBJECT ADDED ENTRY--TOPICAL TERM
Topical Term Cryogels
650 ## - SUBJECT ADDED ENTRY--TOPICAL TERM
Topical Term Macroporous rubber gels
650 ## - SUBJECT ADDED ENTRY--TOPICAL TERM
Topical Term Mechanical properties
650 ## - SUBJECT ADDED ENTRY--TOPICAL TERM
Topical Term Organogels
700 ## - ADDED ENTRY--PERSONAL NAME
Personal name Okay O
700 ## - ADDED ENTRY--PERSONAL NAME
Personal name Yetiskin B
856 ## - ELECTRONIC LOCATION AND ACCESS
Uniform Resource Identifier https://doi:10.3390/gels5010001
942 ## - ADDED ENTRY ELEMENTS (KOHA)
Koha item type Journals
Holdings
Withdrawn status Lost status Damaged status Not for loan Home library Current library Shelving location Date acquired Serial Enumeration / chronology Koha item type
      Journals RRII Library RRII Library Rubber technology 17/12/2021 Volume 5, Issue Journals